000 00827cam a22001934a 4500
005 20250605164215.0
008 250528s ||||||||||||||||||||||||d
035 _a20438
020 _a415039843
040 _aGR-AtMCL
_bgre
_dGR-AtMCL
_eAACR2
245 1 _aThe Semiotics of Thetre and Drama
260 _bRouledge,
_c1988
300 _a258
520 _aThe author turns out attention to the structure and ''logic'' of the drama and to the analysis of dramatic discourse. Preface, Acknowledgements, Preliminaries: Semiotics and Poetics, Foundations: Signs in the Theatre, Theatrical Communication: Codes and Systems and the Performance Text, Dramatic Logic, Dramatic Discourse, Concluding Comments: Theatre and Drama and Semiotics.
700 1 _aElam Keir
_96424
942 _cBK
999 _c5545
_d5545